00314nam a2200109Ia 450000500170000000800410001710000250005824500740008326000180015730000110017565000180018620260328104328.0260328s9999||||xx |||||||||||||| ||und|| aHallgrimsson, Bjarki 0aPrototyping and modelmaking for product Design /cBjarki Hallgrimsson bLaurence King a208 p. aDISEÑADORES